Statistiques concernant Pays commençant par la lettre K

Cliquez ici pour prendre le quiz!

Statistiques générales

  • Ce quiz a été pris 36 834 fois
    (35 835 depuis la dernière actualisation)
  • Le résultat moyen est 5 sur 6

Statistiques - réponses

Pays% Correct
Kazakhstan
92%
Kirghizistan
79%
Kenya
75%
Koweït
75%
Kosovo
69%
Kiribati
65%

Distribution des résultats

Percentile par nombre de réponses

% des personnes avec chaque résultat

Votre développement - résultats

Vous n’avez pas pris ce quiz depuis la dernière actualisation